| 000 | 00000nam 2200000zi 4500 |
| 001 | 9.892370 |
| 003 | CaOODSP |
| 005 | 20250107144055 |
| 006 | m o d f |
| 007 | cr bn||||||||| |
| 008 | 201013e199606##oncd os f000 0 eng d |
| 040 | |aCaOODSP|beng|erda|cCaOODSP |
| 043 | |an-cn--- |
| 086 | 1 |aIu44-238/1996E-PDF |
| 245 | 00|aInvesting in Canada's semiconductor industry. |
| 264 | 1|a[Ottawa] : |bIndustry Canada, |cJune 1996. |
| 300 | |a1 online resource (56 unnumbered pages) : |bgraphs |
| 336 | |atext|btxt|2rdacontent |
| 337 | |acomputer|bc|2rdamedia |
| 500 | |aDigitized edition from print [produced by Innovation, Science and Economic Development Canada]. |
| 650 | 0|aSemiconductor industry|zCanada|vStatistics. |
| 650 | 0|aSemiconductor industry|zCanada|xFinance|vStatistics. |
| 650 | 6|aSemi-conducteurs|xIndustrie|zCanada|vStatistiques. |
| 650 | 6|aSemi-conducteurs|xIndustrie|zCanada|xFinances|vStatistiques. |
| 655 | 7|aStatistics|2lcgft |
| 655 | 7|aStatistiques|2rvmgf |
| 710 | 1 |aCanada. |bIndustry Canada, |eissuing body. |
| 856 | 40|qPDF|s1.19 MB|uhttps://publications.gc.ca/collections/collection_2023/isde-ised/Iu44-238-1996-eng.pdf |